000
00339nam a2200145Ia 4500
008
230718s9999 xx 000 0 und d
041
_a
Eng.
082
_a
3469096
_b
HUS-T
100
_a
Hussain, Mai Gulam
245
4
_a
The Nogotiable !881
260
_a
Pakistan
_b
Kausal brothers
_c
2002
300
_a
183
650
_a
Law
999
_c
28196
_d
28196